000 00679nam a22002297a 4500
003 UA-OsUOA
001 111533
007 ta
008 20150525b un ||||| |||| 00| 0 ukr d
100 _aКолода В.В.
700 _aКорохіна А.В.
090 _a902
_bК61
942 _cSA
040 _aUA-OsUOA
_bukr
_cUA-OsUOA
_dUA-OsUOA
245 _aКераміка із Сіверського городища та історія його заселення
300 _aС.78-91
955 _a0
041 _aukr
080 _a902
773 0 _w111526
_tАрхеологія
_dК.
_d2015
_g1
650 7 _a9 Географія. Біографії. Історія
_2UDC
999 _c397645
_d397645